Academias de historia de México : (Record no. 208518)

MARC details
000 -CABECERA
campo de control de longitud fija 00435nam a2200133 a 4500
003 - IDENTIFICADOR DEL NÚMERO DE CONTROL
campo de control MX-MxUPN
005 - FECHA Y HORA DE LA ÚLTIMA TRANSACCIÓN
campo de control 20220602141443.0
008 - ELEMENTOS DE LONGITUD FIJA--INFORMACIÓN GENERAL
campo de control de longitud fija 220602s1972 mx a||||r|||| 000 0 spa d
040 ## - FUENTE DE LA CATALOGACIÓN
Centro catalogador/agencia de origen MX-MxUPN
Lengua de catalogación spa
Centro/agencia transcriptor MX-MxUPN
041 0# - CÓDIGO DE IDIOMA
Código de lengua del texto/banda sonora o título independiente spa
050 14 - SIGNATURA TOPOGRÁFICA DE LA BIBLIOTECA DEL CONGRESO
Número de clasificación LB1641 M62
Número de documento/Ítem G62 1972
100 1# - ASIENTO PRINCIPAL--NOMBRE PERSONAL
Nombre de persona González Blackaller, Ciro E.
9 (RLIN) 28542
245 10 - MENCIÓN DE TÍTULO
Título Academias de historia de México :
Resto del título un curso para el segundo grado del ciclo básico de la educación media.

No items available.